|
|
|
|
| LEADER |
00000nab a2200000 ar4500 |
| 001 |
vtls008844076 |
| 003 |
SK-MaSNL |
| 005 |
20260304182754.0 |
| 008 |
060904c2006 xo mr|p|||||||000 b|slo |
| 015 |
|
|
|a SNBRB2006/09
|2 snkbucl
|
| 038 |
|
|
|a SNKBUCL
|
| 040 |
|
|
|a SNKBUCL
|b slo
|c SNKBUCL
|e AACR2
|
| 041 |
0 |
|
|a slo
|
| 044 |
|
|
|a xo
|c SK
|
| 080 |
|
|
|a 32.019.5
|x (437.6)
|x "19"
|2 1997
|
| 080 |
|
|
|a 659.4
|x (437.6)
|x "19"
|2 1997
|
| 080 |
|
|
|a 94(437.6)
|x "19"
|2 1997
|
| 100 |
1 |
|
|a Hradská, Katarína,
|d 1956-
|4 aut
|9 102751
|
| 245 |
1 |
0 |
|a Propaganda ako zbraň
|c Katarína Hradská
|
| 648 |
|
7 |
|a 20. stor.
|2 SNK
|9 275975
|
| 650 |
0 |
7 |
|a propaganda
|2 SNKPH
|9 3961
|
| 651 |
|
7 |
|a Slovensko
|x dejiny
|2 SNKPHgeo
|9 13278
|
| 773 |
0 |
|
|t Knihy a spoločnosť
|g Tretí ročník, č. 2 (2006), s. 3
|x 1336-5584
|
| 852 |
|
|
|a SNK
|b KIS3GCP
|
| 958 |
|
|
|a SK
|
| 999 |
|
|
|c 3031071
|d 3033001
|